Culture Générale - Clic Quiz - La réponse est un prénom masculin - Statistiques

Statistiques générales
  • Ce quiz a été pris 244 fois
  • Le résultat moyen est 22 sur 40
Statistiques - réponses
Hint Réponse % Correct
Constructeur automobile italien fondé en 1910 à Milan : "Alfa ___________" Roméo
94%
Marque commerciale du secteur agro-alimentaire industriel : ________ Bridou, le vrai goût du partage ! Justin
91%
Richie ou Messi pour les plus connus Lionel
90%
En habillement, synonyme de débardeur Marcel
90%
Forme avec Paul et Jacques un trio dans une expression désignant « tout un chacun », une ou plusieurs personnes quelconques Pierre
85%
Style ou école dont l’enseignement porte principalement sur des techniques de combat, à mains nues ou avec arme : "Art ________" Martial
83%
Habillé avec un bonnet blanc à pompon rouge et un sweat-shirt à rayures blanches et rouges, un pantalon bleu, des chaussures marron. Il s'appuie sur une canne et est le Héros des livres-jeux "Où est _________?" Charlie
81%
En anglais, pour dire un bon gars, on dit : "good ________" Guy
80%
Compléte le nom du film américain réalisé par David Fincher, sorti en 2008 : "L'Étrange Histoire de ____________Button" Benjamin
78%
Complète cette chanson des Beatles parue en 1968 : "Hey ________" Jude
78%
Deuxième fils d’Adam et Ève dans la Bible, connu pour avoir été tué par son frère aîné Caïn Abel
77%
Pâtisserie française, à base de crème Chantilly, de crème chiboust et de petits choux recouverts d'un glaçage : "Le Saint-____________" Honoré
76%
Ville italienne, chef-lieu de la province du même nom dans la région de Lombardie Côme
73%
Groupe agroalimentaire français qui a lancé la commercialisation du Petit-suisse au XIXe siècle Gervais
72%
Un des personnages principaux de Kaamelott, série télévisée (2005-2009), incarné par Franck Pitiot Perceval
70%
Marionnette formant un tandem célèbre avec Pimprenelle dans l'émission pour enfants "Bonne nuit les petits" Nicolas
63%
Président de la République Française de 1887 à son assassinat en 1894 : ___________ Carnot Sadi
61%
Performants au Cyclisme avec Hinault et Thévenet (7 Tours de France à eux deux) Bernard
59%
Formule énonçant une règle de conduite, une règle morale Maxime
56%
Nom du personnage principal du Cid de Corneille Rodrigue
56%
Groupe de rock britannique, originaire de Glasgow, en Écosse : "Franz _____________" Ferdinand
54%
Fils de Mr Fasol dans le monde des jeux de mots Remi
53%
Familièrement désigne un sein Robert
52%
Chanson de Guesch Patti en 1987 Etienne
47%
Parodie de récompense dans le cinéma, la télévision et la politique française Gérard
47%
Maison d'édition et de jeux éducatifs, fondée par un certain Fernand ________ Nathan
47%
Compléte cette commune du top 10 en population des Alpes-Maritimes : Saint-__________-du-Var Laurent
46%
Sous-préfecture de l'Aisne : Château-________ Thierry
46%
Abandonnée par les Hollandais, l'île _________ devient française en 1715. Elle est alors nommée "Isle de France" Maurice
44%
Personnage du père Noël incarné par Gérard Jugnot dans Le père Noël est une ordure Félix
41%
Equipementier sportif, une marque anglaise, produisant des ballons, des vêtements sportifs ainsi que des accessoires pour le rugby à XV et le netball Gilbert
33%
Finaliste face à Jenifer dans la toute première saison de la Star Academy en 2001 Mario
32%
Surnom de la Troisième République : La République des ________ Jules
28%
En terme simplifié, argument selon lequel un non-croyant n’a rien à perdre à croire en Dieu, même si Dieu n’existe pas : "le Pari de _________" Pascal
25%
En médecine, on parle du signe (ou réflexe) de ________ pour décrire certains mouvements réflexes de patients en état de mort cérébrale Lazare
24%
Compléte le nom d'une série télévisée d'animation française : "Les Bons Conseils de ____________" Célestin
22%
Compléte le nom du film français réalisé par Dominique Farrugia sorti en 1996 : "Delphine 1, ___________0" Yvan
21%
Tortue géante des Seychelles. Depuis 2022, ________détient le record de la tortue la plus âgée jamais enregistrée à 190 ans et est même l'animal terrestre vivant connu le plus âgé. Jonathan
11%
Prison d'État de Californie (États-Unis), la plus ancienne et la seule qui soit habilitée à appliquer la peine de mort dans cet Etat des USA : "San ________" Quentin
9%
Unité de mesure utilisée notamment dans le Beaujolais où il sert particulièrement à mesurer la distance séparant les sarments de vigne sur une exploitation. Il correspond environ à 1 m 17. Baptiste
6%
Aucun quiz correspondant
Distribution des résultats
% des personnes avec chaque résultat
Percentile par nombre de réponses
Votre historique - résultats
Vous n’avez pas pris ce quiz